000 01097cam a2200313 4500
008 090401t1997 xxu||||| |||| 00| 0 eng d
020 _a0632041013
035 _a(Sirsi) u81502
041 _aeng
050 _a306.1
100 _aGoodchild, Barry
245 _aHousing and the urban environment: a guide to housing design, renewal and urban planning.
260 _aOxford
_bBlackwell Science
_c1997
300 _avi,330p. : ill. ; 25cm.
350 _a21.5
520 _aAn analysis of housing in Britain which looks at the next decade and examines the types of dwellings needed, the quality and design of the existing stock, standards for new dwellings, the management of urban growth and the relationship between housing and town planning.
650 _aHOUSING DESIGN
650 _aHOUSING ESTATES
650 _aHOUSING POLICY
650 _aHOUSING QUALITY
650 _aPRIVATE SECTOR HOUSING
650 _aPROBLEM ESTATES
650 _aURBAN DESIGN
650 _aURBAN GROWTH
650 _aURBAN RENEWAL
690 _aHOUSING
942 _n0
948 _c16/10/1997
999 _c96724
_d96724